000 00557nam a2200169Ia 4500
008 090201s9999 xx 000 0 und d
010 _aKPL-73799
040 _bमराठी
041 _aमराठी
082 _a54294
_b73799
100 _aअरुण हरकारे
245 _aकल्पनेचा खेळ
_cअरुण हरकारे
260 _c2007
_bनंदादीप बुक सर्व्हिसेस्
300 _a232
_bलहान
600 _aकल्पनेचा खेळ
942 _cBOOK
999 _c250634
_d250634